[Event "Prague Golden 65+ op 17th"]
[Site "Prague"]
[Date "2022.07.17"]
[Round "9"]
[White "Gruber, Milos"]
[Black "Kabat, Josef"]
[Result "0-1"]
[WhiteElo "1938"]
[BlackElo "1729"]
[PlyCount "60"]
[EventDate "2022.07.09"]
[EventType "swiss"]
[EventRounds "9"]
[EventCountry "CZE"]
[SourceTitle "CBM 209 Extra"]
[Source "ChessBase"]
[SourceDate "2022.09.30"]
[SourceVersion "1"]
[SourceVersionDate "2022.09.30"]
[SourceQuality "1"]

1. e4 e6 2. d4 d5 3. e5 c5 4. c3 Nc6 5. Nf3 Qb6 6. Bd3 Bd7 7. Bc2 cxd4 8. cxd4 Bb4+ 9. Nc3 Nh6 10. 0-0 Ne7 11. Bd2 Ng6 12. Ba4 Bc6 13. Rc1 Rc8 14. Qb3 Bxc3 15. Qxb6 axb6 16. Rxc3 Kd7 17. Bb3 Nf5 18. g4 Nfe7 19. h4 h5 20. gxh5 Rxh5 21. Bd1 Nf5 22. Ng5 Rxh4 23. Nxf7 Rf8 24. Ng5 Rfh8 25. Kg2 Rh2+ 26. Kf3 Nxd4+ 27. Ke3 Nf5+ 28. Ke2 Bb5+ 29. Ke1 Bxf1 30. Kxf1 Rh1+ 0-1

[Event "Prague Golden 65+ op 17th"]
[Site "Prague"]
[Date "2022.07.16"]
[Round "8"]
[White "Kabat, Josef"]
[Black "Svetla, Jira"]
[Result "1-0"]
[WhiteElo "1729"]
[BlackElo "1851"]
[PlyCount "119"]
[EventDate "2022.07.09"]
[EventType "swiss"]
[EventRounds "9"]
[EventCountry "CZE"]
[SourceTitle "CBM 209 Extra"]
[Source "ChessBase"]
[SourceDate "2022.09.30"]
[SourceVersion "1"]
[SourceVersionDate "2022.09.30"]
[SourceQuality "1"]

1. e4 d6 2. d4 Nf6 3. Nc3 g6 4. Be3 c6 5. f3 Bg7 6. Qd2 b5 7. Bh6 Bxh6 8. Qxh6 b4 9. Nd1 e5 10. Qd2 exd4 11. Qxd4 c5 12. Qd2 0-0 13. Ne3 Be6 14. Ne2 Nc6 15. Nf4 Nd4 16. c3 bxc3 17. bxc3 Nc6 18. Nxe6 fxe6 19. Bb5 Nxe4 20. fxe4 Qh4+ 21. g3 Qxe4 22. 0-0-0 Ne5 23. Rhf1 d5 24. Rf4 Rxf4 25. gxf4 Qxf4 26. Rf1 Qe4 27. Nc2 c4 28. Qe3 Qxe3+ 29. Nxe3 Rb8 30. Ba4 Nd3+ 31. Kd2 Rb2+ 32. Nc2 Rxa2 33. Ra1 Rb2 34. Bd7 Nc5 35. Rxa7 e5 36. Bc6 Nb3+ 37. Kd1 d4 38. Bd5+ Kh8 39. Bxc4 Rb1+ 40. Ke2 Nc1+ 41. Kd2 d3 42. Na3 Ra1 43. h4 e4 44. Bd5 Ne2 45. Bxe4 Nf4 46. Bxd3 Rh1 47. c4 Ne6 48. Re7 Nc5 49. Re5 Nxd3 50. Kxd3 Rh3+ 51. Re3 Rxh4 52. c5 Ra4 53. Nc4 Ra6 54. Kd4 h5 55. Ne5 g5 56. c6 Ra7 57. Rb3 g4 58. Rb7 Ra4+ 59. Nc4 g3 60. c7 1-0

[Event "Prague Macek Memorial 2nd"]
[Site "Prague"]
[Date "2021.07.17"]
[Round "8"]
[White "Fabian, Jan"]
[Black "Kabat, Josef"]
[Result "1-0"]
[WhiteElo "1909"]
[BlackElo "1693"]
[PlyCount "33"]
[EventDate "2021.07.10"]
[EventType "tourn"]
[EventRounds "9"]
[EventCountry "CZE"]
[SourceTitle "EXT 2022"]
[Source "ChessBase"]
[SourceDate "2021.10.06"]
[SourceVersion "1"]
[SourceVersionDate "2021.10.06"]
[SourceQuality "1"]

1. c4 e5 2. Nc3 Nc6 3. g3 Bc5 4. Bg2 Nf6 5. a3 a5 6. e3 d6 7. Nge2 Be6 8. d4 exd4 9. exd4 Nxd4 10. Nxd4 Bg4 11. Qd3 c6 12. 0-0 0-0 13. Bg5 h6 14. Be3 Re8 15. Rfe1 Qd7 16. Ne4 Nxe4 17. Bxe4 1-0

[Event "Prague Macek Memorial 2nd"]
[Site "Prague"]
[Date "2021.07.14"]
[Round "5"]
[White "Vasko, Pavel"]
[Black "Kabat, Josef"]
[Result "0-1"]
[WhiteElo "1486"]
[BlackElo "1693"]
[PlyCount "28"]
[EventDate "2021.07.10"]
[EventType "tourn"]
[EventRounds "9"]
[EventCountry "CZE"]
[SourceTitle "EXT 2022"]
[Source "ChessBase"]
[SourceDate "2021.10.06"]
[SourceVersion "1"]
[SourceVersionDate "2021.10.06"]
[SourceQuality "1"]

1. e4 e6 2. d4 d5 3. e5 c5 4. c3 Nc6 5. Nf3 Qb6 6. Bd3 cxd4 7. cxd4 Nb4 8. 0-0 Nxd3 9. Qxd3 Bd7 10. Nc3 Ne7 11. a3 a5 12. Rb1 a4 13. h3 Rc8 14. Qd1 Rxc3 0-1

[Event "Prague Macek Memorial 2nd"]
[Site "Prague"]
[Date "2021.07.11"]
[Round "2"]
[White "Kabat, Josef"]
[Black "Akerman, Jan"]
[Result "1-0"]
[WhiteElo "1693"]
[BlackElo "1510"]
[PlyCount "87"]
[EventDate "2021.07.10"]
[EventType "tourn"]
[EventRounds "9"]
[EventCountry "CZE"]
[SourceTitle "EXT 2022"]
[Source "ChessBase"]
[SourceDate "2021.10.06"]
[SourceVersion "1"]
[SourceVersionDate "2021.10.06"]
[SourceQuality "1"]

1. e4 e5 2. Nf3 Nc6 3. d4 exd4 4. Bc4 Be7 5. c3 dxc3 6. Qd5 Nh6 7. Bxh6 0-0 8. Bxg7 Kxg7 9. Nxc3 d6 10. Qh5 Be6 11. Bxe6 fxe6 12. Qg4+ Kh8 13. Qxe6 Bf6 14. 0-0 Bg7 15. Rfe1 Rf6 16. Qb3 Qd7 17. Nd5 Rg6 18. Ne3 Rf8 19. Nf5 b6 20. N3h4 Rgf6 21. Re3 R6f7 22. Nxg7 Rxg7 23. Nf5 Rg6 24. Rd1 Ne7 25. Qc3+ Kg8 26. Qc4+ Kh8 27. Qd4+ Kg8 28. Qc4+ Kh8 29. Ng3 h6 30. Rc1 c6 31. Rd1 Kh7 32. Qd3 Kg8 33. Rf3 Kg7 34. Rxf8 Kxf8 35. f4 Qg4 36. f5 Rf6 37. e5 dxe5 38. Qd8+ Kf7 39. Rd7 Qb4 40. h3 a5 41. Kh2 e4 42. Rb7 e3 43. Rb8 Nxf5 44. Qe8+ 1-0

[Event "Prague op-B 07th"]
[Site "Prague"]
[Date "2008.01.12"]
[Round "2"]
[White "Kabat, Josef"]
[Black "Hudik, Pavel"]
[Result "0-1"]
[WhiteElo "1861"]
[BlackElo "1916"]
[PlyCount "38"]
[EventDate "2008.01.11"]
[EventType "swiss"]
[EventRounds "9"]
[EventCountry "CZE"]
[SourceTitle "EXT 2010"]
[Source "ChessBase"]
[SourceDate "2010.11.25"]
[SourceVersion "1"]
[SourceVersionDate "2010.11.25"]
[SourceQuality "1"]

1. c4 e6 2. g3 c6 3. d4 d5 4. Nf3 Bd6 5. Nc3 Nd7 6. Bg2 f5 7. Bg5 Ngf6 8. 0-0 0-0 9. cxd5 exd5 10. a3 h6 11. Bf4 Bxf4 12. gxf4 Ne4 13. Qd3 Ndf6 14. Ne5 Qe8 15. f3 Nd6 16. Kh1 Kh8 17. Rg1 Be6 18. b4 Nh5 19. e3 Ng3+ 0-1

[Event "Czechia KP-chTA 0607"]
[Site "Czech Republic"]
[Date "2007.02.18"]
[Round "8.5"]
[White "Kopecky, Jiri"]
[Black "Kabat, Josef"]
[Result "1/2-1/2"]
[WhiteElo "1996"]
[BlackElo "1813"]
[PlyCount "70"]
[EventDate "2006.10.29"]
[EventType "team"]
[EventRounds "11"]
[EventCountry "CZE"]
[SourceTitle "EXT 2008"]
[Source "ChessBase"]
[SourceDate "2007.11.25"]
[SourceVersion "1"]
[SourceVersionDate "2007.11.25"]
[SourceQuality "1"]
[WhiteTeam "Kralupy nad Vltavou"]
[BlackTeam "Melnik"]
[WhiteTeamCountry "CZE"]
[BlackTeamCountry "CZE"]

1. e4 d5 2. exd5 Qxd5 3. Nc3 Qa5 4. d4 Nf6 5. Nf3 c6 6. Bc4 Bf5 7. 0-0 e6 8. Re1 Bb4 9. Bd2 0-0 10. a3 Bxc3 11. bxc3 Nbd7 12. Bb3 Ne4 13. c4 Nxd2 14. Qxd2 Qxd2 15. Nxd2 Nf6 16. c5 Rad8 17. c3 b6 18. cxb6 axb6 19. Nc4 Nd5 20. Ne5 Nxc3 21. g4 Bg6 22. h4 Rxd4 23. h5 Be4 24. Rac1 Nb5 25. a4 Na7 26. f3 Bd5 27. Bxd5 Rxd5 28. Nxc6 Nxc6 29. Rxc6 Ra5 30. Rxb6 Rxa4 31. Kf2 Rc8 32. Rb7 Rf4 33. Kg3 Rf6 34. Ra1 h6 35. Ra3 g6 1/2-1/2